000 01087nam a22003490a 4500
001 PT12812
003 AR-LpoUNG
005 20210131232525.0
008 191001s1974||||ag |||||||||||||||||spa d
040 _aAR-LpoUNG
_bspa
_cAR-LpoUNG
_eaacr
041 _aspa
044 _aag
082 0 _a980.031 536cla
100 1 _aDi Tella, Torcuato
245 1 0 _aClases sociales y estructuras políticas
250 _a2ª edición - aumentada
260 _aBuenos Aires :
_bPaidós,
_c1974.
300 _a143 p. :
_btbls., il.
520 _aEl objeto de este libro es introducir en la discusión argentina algunos elementos teóricos que se desprende, principalmente, del estudio comparativo de América Latina.
650 4 _aBURGUESIA
650 4 _aCLASE DIRIGENTE
650 4 _aCLASES SOCIALES
650 4 _aCONCIENCIA DE CLASE
650 4 _aCONDICION SOCIAL
650 4 _aESTRATIFICACION SOCIAL
650 4 _aESTRUCTURA SOCIAL
650 4 _aGRUPOS DE BAJOS INGRESOS
650 4 _aLUCHA DE CLASES
651 4 _aAmérica Latina
905 _a12812
942 _cLIB
999 _c16080
_d16080